Catálogo público

Catálogo de recursos genéticos de chayote (sechium edule sw) en el centro regional universitario oriente de la universidad autónoma chapingo / (Record no. 172595)

MARC details
000 -CABECERA
campo de control de longitud fija 00878nam a2200229Ia 4500
001 - NÚMERO DE CONTROL
campo de control dia_2057
003 - IDENTIFICADOR DEL NÚMERO DE CONTROL
campo de control CHAP
005 - FECHA Y HORA DE LA ÚLTIMA TRANSACCIÓN
campo de control 20251021140219.0
008 - DATOS DE LONGITUD FIJA--INFORMACIÓN GENERAL
campo de control de longitud fija 220117sS.A. xx 000 0 und d
010 ## - NÚMERO DE CONTROL DE LA BIBLIOTECA DEL CONGRESO
Número de control de LC 172595
040 ## - FUENTE DE LA CATALOGACIÓN
Centro/agencia transcriptor CHAP
082 ## - NÚMERO DE LA CLASIFICACIÓN DECIMAL DEWEY
Número de clasificación 635.65 C7
100 ## - ENTRADA PRINCIPAL--NOMBRE DE PERSONA
Nombre de persona Cruz León, Artemio
9 (RLIN) 29466
245 ## - MENCIÓN DE TÍTULO
Título Catálogo de recursos genéticos de chayote (sechium edule sw) en el centro regional universitario oriente de la universidad autónoma chapingo /
Mención de responsabilidad, etc. por artemio cruz león y daniel querol lepcovich
260 ## - PUBLICACIÓN, DISTRIBUCIÓN, ETC.
Lugar de publicación, distribución, etc. México :
Nombre del editor, distribuidor, etc. UACh, Subdirección de Centros Regionales. Centro Regional Universitario Oriente, Huatusco, Veracruz.,
Fecha de publicación, distribución, etc. S.A.
300 ## - DESCRIPCIÓN FÍSICA
Extensión 235 p.
650 ## - PUNTO DE ACCESO ADICIONAL DE MATERIA--TÉRMINO DE MATERIA
Término de materia o nombre geográfico como elemento de entrada 1.Chayote. I.T. II.Querol Lepcovich, Daniel
9 (RLIN) 152168
901 ## - ELEMENTOS DE DATOS A LOCAL LDA (RLIN)
a 635.65 C7
902 ## - ELEMENTOS DE DATOS B LOCAL, LDB (RLIN)
a M
905 ## - ELEMENTOS DE DATOS E LOCAL, LDE (RLIN)
a 000000S.A. mx A 0000000000esp00
942 ## - ELEMENTOS DE PUNTO DE ACCESO ADICIONAL (KOHA)
Tipo de ítem Koha Libro
Fuente del sistema de clasificación o colocación Dewey Decimal Classification
Holdings
Estado de retiro Estado de pérdida Fuente del sistema de clasificación o colocación Estado dañado No para préstamo Código de colección Localización permanente Ubicación/localización actual Ubicación en estantería Fecha de adquisición Información codificada de la localización en otra ubicación Total de préstamos Código de barras Fecha visto por última vez Número de copia Precio válido a partir de Tipo de ítem Koha
    Dewey Decimal Classification     General Ingenieria Agroindustrial Ingenieria Agroindustrial   18/01/2022 1   dia_2712 18/01/2022 1 18/01/2022 Libro